| 000 | 01267nam a2200337Ia 4500 | ||
|---|---|---|---|
| 001 | ebr10661648 | ||
| 003 | CaPaEBR | ||
| 006 | m u | ||
| 007 | cr cn||||||||| | ||
| 008 | 081119s2009 nyua sb 001 0 eng d | ||
| 010 | _z 2008047031 | ||
| 020 | _z9781606925355 (hardcover) | ||
| 020 | _z9781608769698 | ||
| 040 |
_aCaPaEBR _cCaPaEBR |
||
| 035 | _a(OCoLC)833574011 | ||
| 050 | 1 | 4 |
_aLB1027.44 _b.M35 2009eb |
| 082 | 0 | 4 |
_a371.3/7 _222 |
| 100 | 1 | _aMatusov, Eugene. | |
| 245 | 1 | 0 |
_aJourney into dialogic pedagogy _h[electronic resource] / _cEugene Matusov. |
| 260 |
_aHauppauge, NY : _bNova Science Publishers, _cc2009. |
||
| 300 |
_avi, 483 p. : _bill. |
||
| 504 | _aIncludes bibliographical references and indexes. | ||
| 533 |
_aElectronic reproduction. _bPalo Alto, Calif. : _cebrary, _d2013. _nAvailable via World Wide Web. _nAccess may be limited to ebrary affiliated libraries. |
||
| 650 | 0 | _aQuestioning. | |
| 650 | 0 | _aInteraction analysis in education. | |
| 650 | 0 | _aCommunication in education. | |
| 650 | 0 |
_aEducation _xPhilosophy. |
|
| 655 | 7 |
_aElectronic books. _2local |
|
| 710 | 2 | _aebrary, Inc. | |
| 856 | 4 | 0 |
_uhttp://site.ebrary.com/lib/rucke/Doc?id=10661648 _zAn electronic book accessible through the World Wide Web; click to view |
| 999 |
_c65877 _d65877 |
||